000 00269nam a2200097Ia 4500
008 200302s9999 xx 000 0 und d
100 _aBalslev jorgensen & Other
245 _aNeoclassical Archtecture in Copenhagen & Athens
260 _bAcademy Group. Ltd.
300 _a80 P.,
999 _c769
_d769